00276nam a2200097Ia 4500008004100000082000800041100001400049245009400063942000600157999001500163240331s9999 xx 000 0 und d bGAN aGandhi, N 4aThe issues at stake :btheory and practice in the contemporary women's movements in India cL c1912d1912